000 00473nam a2200169Ia 4500
008 090711s9999 xx 000 0 und d
082 _b60315
100 _aकर्णिक मधु मंगेश
245 _aगुंजा
260 _c1965
300 _a169
600 _aकर्णिक मधु मंगेश
630 _aगुंजा
700 _aकर्णिक मधु मंगेश
730 _aगुंजा
942 _cBOOK
999 _c314745
_d314745